[Event "40th Pan-American U20"]
[Site "El Salvador ESA"]
[Date "2015.07.18"]
[Round "4.8"]
[White "Solano Cuya, Bryan"]
[Black "Jimenez Garcia, Emmanuel"]
[Result "1/2-1/2"]
[WhiteElo "2149"]
[BlackElo "2210"]
[EventDate "2015.07.16"]
[PlyCount "95"]

1.d4 Nf6 2.c4 g6 3.Nc3 Bg7 4.e4 d6 5.Be2 O-O 6.Nf3 Na6 7.O-O e5 8.Be3 Ng4 
9.Bg5 Qe8 10.dxe5 dxe5 11.h3 h6 12.Bd2 Nf6 13.Be3 Qe7 14.Qc1 Kh7 15.c5 c6 
16.Bxa6 bxa6 17.Qc2 g5 18.Nh2 Nh5 19.Rad1 Be6 20.Rd6 Qb7 21.b3 Nf4 22.Rfd1
Rfe8 23.R6d2 Kg8 24.Nf1 Qc8 25.Kh2 h5 26.Na4 g4 27.hxg4 hxg4 28.Nb2 Bf6 
29.Nd3 Nxd3 30.Rxd3 Kg7 31.Qd2 Rh8+ 32.Kg1 Be7 33.Ng3 Rb8 34.Qc3 f5 35.Qc2
a5 36.Rc3 Kf7 37.Qe2 a4 38.Rdd3 axb3 39.axb3 Rb4 40.Bd2 Rb5 41.Qe3 Qf8 42.
Nxf5 Bxc5 43.Rxc5 Qxc5 44.Nd6+ Kg6 45.Nxb5 Qxe3 46.Bxe3 cxb5 47.Bxa7 Ra8 
48.Bc5 1/2-1/2

[Event "40th Pan-American U20"]
[Site "El Salvador ESA"]
[Date "2015.07.18"]
[Round "4.9"]
[White "Singh, Vishnu"]
[Black "Santos, Oliver"]
[Result "1-0"]
[WhiteElo "2200"]
[BlackElo "1690"]
[EventDate "2015.07.16"]
[PlyCount "73"]

1.d4 d5 2.c4 e6 3.Nc3 Nf6 4.Bg5 c5 5.cxd5 cxd4 6.Qxd4 Be7 7.O-O-O e5 8.
Qxe5 Nbd7 9.Qd4 Qa5 10.e3 Bc5 11.Qa4 Qd8 12.Bxf6 Qxf6 13.Ne4 Qb6 14.Nf3 
O-O 15.Bd3 Qc7 16.Kb1 h6 17.Rc1 Qb6 18.Nxc5 Nxc5 19.Qd4 Nxd3 20.Qxd3 Bd7 
21.Nd4 Rad8 22.f3 Rfe8 23.g4 a6 24.e4 Bb5 25.Nxb5 axb5 26.h4 Ra8 27.Rh2 
Ra4 28.b3 Qd6 29.Rf2 Qb6 30.Rd2 Ra6 31.g5 h5 32.f4 Rea8 33.e5 Qa7 34.Qe2 
Qb6 35.f5 Re8 36.e6 Qd6 37.Qxh5 1-0

[Event "40th Pan-American U20"]
[Site "El Salvador ESA"]
[Date "2015.07.18"]
[Round "4.10"]
[White "Munoz, Randall"]
[Black "Ampie, Mauro"]
[Result "1/2-1/2"]
[WhiteElo "1706"]
[BlackElo "2193"]
[EventDate "2015.07.16"]
[PlyCount "97"]

1.e4 c5 2.Nf3 e6 3.d4 cxd4 4.Nxd4 Nc6 5.Nc3 Qc7 6.Ndb5 Qb8 7.Be3 a6 8.Bb6 
axb5 9.Nxb5 Bb4+ 10.c3 Ba5 11.Nc7+ Qxc7 12.Bxc7 Bxc7 13.Qg4 Kf8 14.f4 Nf6 
15.Qf3 d5 16.e5 Ne4 17.Bd3 Nc5 18.Bc2 b6 19.a4 b5 20.a5 g6 21.Qf2 Nd7 22.
b4 Kg7 23.Rd1 Rf8 24.h4 h5 25.Rd3 f5 26.Rg3 Bd8 27.Qe2 Kh6 28.Qxb5 Ndb8 
29.Qe2 d4 30.Rhh3 Rg8 31.Bd1 dxc3 32.Rxc3 Be7 33.Ba4 Bxb4 34.Bxc6 Nxc6 35.
Qc4 Bd7 36.Kf2 Bxc3 37.Rxc3 Rxa5 38.Rd3 Rd8 39.Rxd7 Rxd7 40.Qxc6 Rd2+ 41.
Kg3 Ra3+ 42.Kh2 Raa2 43.Qe8 Rxg2+ 44.Kh1 Rh2+ 45.Kg1 Rhg2+ 46.Kh1 Rh2+ 47.
Kg1 Rag2+ 48.Kf1 Rf2+ 49.Kg1 1/2-1/2

[Event "40th Pan-American U20"]
[Site "El Salvador ESA"]
[Date "2015.07.18"]
[Round "4.12"]
[White "Santiago Vilca, Christian"]
[Black "Mendez, Alan Steven"]
[Result "1-0"]
[WhiteElo "1922"]
[BlackElo "1744"]
[EventDate "2015.07.16"]
[PlyCount "91"]

1.d4 Nf6 2.c4 e6 3.Nf3 d5 4.Nc3 Be7 5.Bg5 O-O 6.e3 h6 7.Bh4 Ne4 8.Bxe7 
Qxe7 9.Rc1 c6 10.Bd3 Nxc3 11.Rxc3 Nd7 12.O-O dxc4 13.Bxc4 e5 14.Bb3 e4 15.
Nd2 Nf6 16.Rc5 Bg4 17.Qc2 Nd7 18.Rc3 Be2 19.Re1 Bd3 20.Qd1 c5 21.Bc2 Bxc2 
22.Qxc2 Rfe8 23.dxc5 Rad8 24.b4 a5 25.a3 axb4 26.axb4 Nb8 27.Nc4 Na6 28.
Rb1 Qe6 29.Nd6 Re7 30.Rc4 f5 31.Rd4 Red7 32.Nxb7 Rxd4 33.exd4 Rxd4 34.b5 
Rc4 35.Qd2 Nxc5 36.Nxc5 Rxc5 37.b6 Rc8 38.b7 Rb8 39.Qf4 Qe8 40.Qc7 Kh7 41.
h3 e3 42.fxe3 Qxe3+ 43.Kh2 Qe8 44.Rd1 f4 45.Rd7 Qg6 46.Qxf4 1-0

[Event "40th Pan-American U20"]
[Site "El Salvador ESA"]
[Date "2015.07.18"]
[Round "4.13"]
[White "Ruballo, Jose"]
[Black "Guzman, Oswaldo"]
[Result "1/2-1/2"]
[WhiteElo "1662"]
[BlackElo "2066"]
[EventDate "2015.07.16"]
[PlyCount "91"]

1.e4 c5 2.Nf3 d6 3.d4 cxd4 4.Nxd4 Nf6 5.Nc3 a6 6.Bg5 Nbd7 7.f4 Qc7 8.Qf3 
e5 9.Nde2 Be7 10.O-O-O b5 11.g4 b4 12.Nd5 Nxd5 13.exd5 Bxg5 14.fxg5 Bb7 
15.Bg2 Rc8 16.Rd2 Nb6 17.Ng3 Bxd5 18.Qf2 Bxg2 19.Qxg2 O-O 20.Nf5 d5 21.Qh3
d4 22.Rf1 Nd5 23.Qf3 Nf4 24.h4 d3 25.Qe4 Rb8 26.Kb1 Qa5 27.Ne7+ Kh8 28.Nc6
dxc2+ 29.Rxc2 Qb5 30.Rxf4 exf4 31.Nxb8 Qxb8 32.Rf2 b3 33.Qxf4 bxa2+ 34.
Kxa2 Qb6 35.Rc2 Qe6+ 36.Qc4 Qb6 37.Qxf7 Qa5+ 38.Kb1 Qe1+ 39.Ka2 Re8 40.Qf5
Qb4 41.Rc8 Qa4+ 42.Kb1 Qd1+ 43.Ka2 Qa4+ 44.Kb1 Qd1+ 45.Ka2 Qa4+ 46.Kb1 
1/2-1/2

[Event "40th Pan-American U20"]
[Site "El Salvador ESA"]
[Date "2015.07.18"]
[Round "4.14"]
[White "Giron, Jorge Ernesto"]
[Black "Valencia, Oscar"]
[Result "1-0"]
[WhiteElo "2223"]
[BlackElo "1728"]
[EventDate "2015.07.16"]
[PlyCount "113"]

1.e4 c5 2.Nf3 d6 3.d4 cxd4 4.Nxd4 Nf6 5.Nc3 g6 6.Bg5 Bg7 7.Bb5+ Bd7 8.Qe2 
a6 9.Bxd7+ Nbxd7 10.O-O-O O-O 11.f4 Qc7 12.Rhe1 h6 13.Bh4 e5 14.fxe5 dxe5 
15.Nb3 b5 16.Kb1 Rfb8 17.Nd5 Nxd5 18.Rxd5 Nb6 19.Rc5 Qa7 20.Bf2 Qe7 21.Rd1
Rd8 22.Rxd8+ Qxd8 23.Qd3 Qf6 24.Qf3 Rd8 25.Kc1 Qe6 26.Rc7 Bf6 27.Rc3 Nc4 
28.h4 Be7 29.Rd3 Rxd3 30.cxd3 Nb6 31.Qe3 Na4 32.Qxh6 Qc8+ 33.Kb1 Qg4 34.
Qe3 Qd1+ 35.Nc1 Bc5 36.Qe1 Qg4 37.Qg1 Be7 38.g3 Qc8 39.Qe1 Qc7 40.Qd2 Bc5 
41.Nb3 Qd6 42.Be3 Bb4 43.Qc2 Be1 44.d4 Bxg3 45.d5 Bxh4 46.Qc8+ Kg7 47.Qh3 
Be7 48.Bh6+ Kg8 49.Qc8+ Qd8 50.Qxa6 Qd7 51.Bc1 Nc5 52.Nxc5 Bxc5 53.Qf6 Qe7
54.Bg5 Qc7 55.Bh6 Bf8 56.Bxf8 Kxf8 57.d6 1-0

[Event "40th Pan-American U20"]
[Site "El Salvador ESA"]
[Date "2015.07.18"]
[Round "4.15"]
[White "Ulloa, Ruben Guillermo"]
[Black "Rodriguez, Wilfredo"]
[Result "1-0"]
[WhiteElo "2016"]
[BlackElo "1631"]
[EventDate "2015.07.16"]
[PlyCount "41"]

1.d4 Nf6 2.c4 g6 3.g3 Bg7 4.Bg2 O-O 5.Nc3 d6 6.Nf3 Nbd7 7.O-O e5 8.Qc2 c6 
9.Rd1 Qc7 10.e4 Ne8 11.d5 a5 12.Bg5 f6 13.Be3 f5 14.Ng5 Nb6 15.Qb3 Ra6 16.
c5 Na8 17.dxc6+ Kh8 18.Nd5 Qd8 19.cxb7 Bxb7 20.Qxb7 f4 21.Ne6 1-0

[Event "40th Pan-American U20"]
[Site "El Salvador ESA"]
[Date "2015.07.18"]
[Round "4.16"]
[White "Pinto, Alejandro"]
[Black "Ortiz Perez, Carlos"]
[Result "0-1"]
[WhiteElo "1728"]
[BlackElo "1901"]
[EventDate "2015.07.16"]
[PlyCount "88"]

1.e4 c5 2.Nf3 d6 3.d3 Nf6 4.g3 Nc6 5.Bg2 Bg4 6.Nbd2 Qd7 7.h3 Bh5 8.c3 e6 
9.Qe2 Be7 10.O-O h6 11.Re1 O-O 12.Nf1 Rac8 13.g4 Bg6 14.N1h2 Nh7 15.h4 h5 
16.Ng5 hxg4 17.Nxg4 Nxg5 18.hxg5 f5 19.exf5 Bxf5 20.Be4 Qe8 21.Bxf5 exf5 
22.Qe6+ Qf7 23.Nh2 Ne5 24.Qxf7+ Kxf7 25.Re3 Bxg5 26.Rxe5 dxe5 27.Bxg5 Kg6 
28.f4 Rfe8 29.Nf3 exf4 30.Bxf4 Re2 31.Ne5+ Kf6 32.Nc4 g5 33.Be5+ Rxe5 34.
Nxe5 Kxe5 35.Re1+ Kf6 36.Kg2 Rb8 37.d4 cxd4 38.cxd4 Rd8 39.Rd1 f4 40.Kf3 
Kf5 41.d5 g4+ 42.Kf2 Rd6 43.Rd4 Ke5 44.Rb4 b6 0-1

[Event "40th Pan-American U20"]
[Site "El Salvador ESA"]
[Date "2015.07.18"]
[Round "4.18"]
[White "Lemus, Hector"]
[Black "De Leon, Gabriel"]
[Result "0-1"]
[WhiteElo "1616"]
[BlackElo "1804"]
[EventDate "2015.07.16"]
[PlyCount "108"]

1.e4 e5 2.Nf3 Nc6 3.d4 exd4 4.Nxd4 Bc5 5.Be3 Qf6 6.c3 Nge7 7.Bc4 d6 8.O-O 
O-O 9.Nxc6 Nxc6 10.Bxc5 dxc5 11.Nd2 Ne5 12.Bb3 Be6 13.Re1 Rad8 14.Bxe6 
Qxe6 15.Qc2 Qg6 16.Kh1 Rfe8 17.Re3 Qd6 18.Nf3 Nxf3 19.Rxf3 Qd2 20.Qxd2 
Rxd2 21.Rf5 Rxb2 22.Rxc5 c6 23.f3 Rd8 24.Re5 Kf8 25.h3 Rdd2 26.Rg5 Rxa2 
27.Rxa2 Rxa2 28.Rc5 Ke7 29.Kh2 Kd6 30.Rf5 f6 31.h4 Rc2 32.Ra5 a6 33.Ra3 
Kc5 34.Rb3 b5 35.Ra3 Kb6 36.Kh3 c5 37.g3 b4 38.cxb4 cxb4 39.Rb3 Kb5 40.Kg4
Rc3 41.Rb2 a5 42.Kh3 Rxf3 43.Kg2 Rc3 44.Kf2 b3 45.Ke2 Rxg3 46.Kd1 Rg1+ 47.
Kd2 Rg2+ 48.Kc3 Rxb2 49.Kxb2 a4 50.Kb1 a3 51.Ka1 Kb4 52.Kb1 h5 53.Ka1 b2+ 
54.Ka2 Kc3 0-1

[Event "40th Pan-American U20"]
[Site "El Salvador ESA"]
[Date "2015.07.18"]
[Round "4.19"]
[White "Garcia, Daniel Alejandro"]
[Black "Melara, Moises"]
[Result "0-1"]
[WhiteElo "1375"]
[BlackElo "1772"]
[EventDate "2015.07.16"]
[PlyCount "52"]

1.Nf3 d5 2.d4 e6 3.c4 c5 4.Nc3 Nc6 5.cxd5 exd5 6.e3 Nf6 7.Be2 Bd6 8.O-O 
O-O 9.b3 Bg4 10.Bb2 Rc8 11.dxc5 Bxc5 12.Rc1 Be7 13.Nd4 Qd7 14.Bxg4 Nxg4 
15.h3 Nf6 16.Nce2 Rfd8 17.Nf4 Ne4 18.Nfe2 Ne5 19.f4 Ng6 20.Nc3 f5 21.Nxe4 
dxe4 22.Rf2 Bf6 23.g3 Ne7 24.a3 Nd5 25.Re2 Nxe3 26.Rxe3 Bxd4 0-1

[Event "40th Pan-American U20"]
[Site "El Salvador ESA"]
[Date "2015.07.18"]
[Round "5.1"]
[White "Chavez Estevez, Hayler David"]
[Black "Cori Quispe, Kevin"]
[Result "1/2-1/2"]
[WhiteElo "2347"]
[BlackElo "2369"]
[EventDate "2015.07.16"]
[PlyCount "43"]

1.c4 e5 2.Nc3 c5 3.g3 Nc6 4.Bg2 g6 5.d3 Bg7 6.Nf3 d6 7.h4 h6 8.Bd2 Nge7 9.
Qc1 Be6 10.O-O Qd7 11.Re1 f6 12.Ne4 Nf5 13.a3 Rd8 14.b4 b6 15.b5 Nce7 16.
g4 Nd4 17.Nxd4 cxd4 18.g5 hxg5 19.hxg5 Bh3 20.Bf3 Bg4 21.Bh1 f5 22.Nf6+ 
1/2-1/2

[Event "40th Pan-American U20"]
[Site "El Salvador ESA"]
[Date "2015.07.18"]
[Round "5.2"]
[White "Tang, Andrew"]
[Black "Benedetti, Julio"]
[Result "1-0"]
[WhiteElo "2365"]
[BlackElo "2313"]
[EventDate "2015.07.16"]
[PlyCount "79"]

1.d4 Nf6 2.c4 g6 3.f3 Bg7 4.e4 d6 5.Nc3 O-O 6.Nge2 e5 7.dxe5 dxe5 8.Qxd8 
Rxd8 9.Nd5 Nxd5 10.cxd5 c6 11.Nc3 Nd7 12.Bg5 Bf6 13.Bxf6 Nxf6 14.dxc6 bxc6
15.Bc4 Nh5 16.Rd1 Rxd1+ 17.Kxd1 Kf8 18.Kc2 Ke7 19.Na4 Be6 20.Bxe6 Kxe6 21.
Nc5+ Ke7 22.g3 Rd8 23.Re1 Rd4 24.Nb3 Ra4 25.a3 Ng7 26.Kd3 Ne6 27.Rc1 Kd6 
28.Nd2 Nd4 29.f4 f6 30.fxe5+ fxe5 31.Rf1 Ke7 32.Nc4 Nb3 33.Nxe5 Nc5+ 34.
Kc2 Nxe4 35.Nxc6+ Kd6 36.Nb4 a5 37.Rd1+ Kc7 38.b3 axb4 39.bxa4 bxa3 40.Ra1
1-0

[Event "40th Pan-American U20"]
[Site "El Salvador ESA"]
[Date "2015.07.18"]
[Round "5.3"]
[White "Carrera Gonzalez, Enmanuel"]
[Black "Lopez Gonzalez, Abel Fabian"]
[Result "1/2-1/2"]
[WhiteElo "2171"]
[BlackElo "2251"]
[EventDate "2015.07.16"]
[PlyCount "73"]

1.d4 Nf6 2.Bg5 Ne4 3.Bf4 c5 4.f3 Nf6 5.d5 d6 6.e4 e5 7.Bg5 g6 8.Nc3 Bg7 9.
Bb5+ Nbd7 10.Nge2 a6 11.Bxd7+ Bxd7 12.O-O h6 13.Be3 O-O 14.Qd2 Kh7 15.a4 
b5 16.Ra2 b4 17.Nd1 Ne8 18.b3 f5 19.Bf2 Nf6 20.exf5 gxf5 21.Ne3 Nh5 22.Nc4
Be8 23.Ng3 Nf4 24.Re1 Qg5 25.Be3 Rf6 26.Raa1 Rg6 27.Rad1 Bf7 28.Kh1 Rg8 
29.Rg1 Qh4 30.Nxf5 Qf6 31.Nfxd6 Bf8 32.Nxf7 Rxg2 33.Rxg2 Rxg2 34.Qe1 Re2 
35.Qf1 Rxh2+ 36.Kxh2 Qh4+ 37.Kg1 1/2-1/2

[Event "40th Pan-American U20"]
[Site "El Salvador ESA"]
[Date "2015.07.18"]
[Round "5.4"]
[White "Hernandez, Mauricio Daniel"]
[Black "Singh, Vishnu"]
[Result "0-1"]
[WhiteElo "1926"]
[BlackElo "2200"]
[EventDate "2015.07.16"]
[PlyCount "80"]

1.e4 c5 2.c3 d5 3.exd5 Nf6 4.d4 cxd4 5.Qa4+ Nbd7 6.Qxd4 g6 7.Nf3 Bg7 8.Be3
O-O 9.Qd2 Nb6 10.c4 Bg4 11.Bd3 Bxf3 12.gxf3 Rc8 13.Na3 Nfd7 14.Rc1 e6 15.
d6 Qf6 16.Be2 Qxb2 17.Nb5 a6 18.Nc7 Na4 19.O-O Qxd2 20.Bxd2 Be5 21.Bb4 
Rfd8 22.c5 Naxc5 23.Bxc5 Nxc5 24.Rxc5 Bxd6 25.Rfc1 Bxc5 26.Rxc5 Kf8 27.a4 
Ke7 28.Nxa6 bxa6 29.Rxc8 Rxc8 30.Bxa6 Rc3 31.Kg2 Ra3 32.Bb5 Kd6 33.Kg3 h5 
34.Be8 Ke7 35.Bb5 g5 36.Bc6 f5 37.h4 g4 38.Kf4 Kf6 39.a5 Rxa5 40.Be8 Ra3 
0-1

[Event "40th Pan-American U20"]
[Site "El Salvador ESA"]
[Date "2015.07.18"]
[Round "5.5"]
[White "Hernandez Sanchez, Jairo Andre"]
[Black "Squella Lavin, Carlos Felipe"]
[Result "1/2-1/2"]
[WhiteElo "2381"]
[BlackElo "2183"]
[EventDate "2015.07.16"]
[PlyCount "52"]

1.e4 e6 2.d4 d5 3.e5 c5 4.c3 Qb6 5.Nf3 Nc6 6.a3 Nh6 7.b4 cxd4 8.Bxh6 gxh6 
9.cxd4 Bd7 10.Ra2 Rc8 11.Be2 Bg7 12.O-O O-O 13.b5 Na5 14.a4 Rc7 15.Na3 
Rfc8 16.Nc2 a6 17.Ne3 h5 18.Qb1 h6 19.Rd1 Rc3 20.Rb2 axb5 21.Bxb5 Qc7 22.
h4 Bf8 23.Bxd7 Qxd7 24.Rb5 Nc4 25.Nxc4 R3xc4 26.Rxb7 Qxa4 1/2-1/2

[Event "40th Pan-American U20"]
[Site "El Salvador ESA"]
[Date "2015.07.18"]
[Round "5.6"]
[White "Arias, Daniel"]
[Black "Puppi Lazo, Jorge Luis"]
[Result "1/2-1/2"]
[WhiteElo "2242"]
[BlackElo "2111"]
[EventDate "2015.07.16"]
[PlyCount "139"]

1.e4 c5 2.Nf3 e6 3.d4 cxd4 4.Nxd4 Nc6 5.Nc3 Qc7 6.g3 a6 7.Bg2 Nf6 8.O-O h5
9.h3 Bc5 10.Nb3 Ba7 11.Bf4 Ne5 12.Nd4 d6 13.Nf3 b5 14.Nxe5 dxe5 15.Bd2 Bb7
16.a3 Bd4 17.Qe2 O-O 18.Kh1 Rac8 19.Rae1 Bc6 20.Nd1 b4 21.Bxb4 Bb5 22.Qf3 
Rfe8 23.Rg1 Qxc2 24.g4 hxg4 25.hxg4 Nh7 26.Bf1 Ng5 27.Qg2 Bc6 28.f3 Qxg2+ 
29.Bxg2 Bxg1 30.Kxg1 f6 31.Kf2 Bb5 32.Bc3 Red8 33.Ne3 Nf7 34.Bf1 Nd6 35.
Ba5 Re8 36.Rd1 Bxf1 37.Rxd6 Bb5 38.Bc3 Kf7 39.a4 Bc6 40.a5 Bb5 41.g5 Red8 
42.Rb6 Rb8 43.Rxb8 Rxb8 44.gxf6 gxf6 45.Ng4 Rc8 46.Ke3 Rh8 47.Kf2 Rh1 48.
Kg2 Rc1 49.Ne3 Kg6 50.Kf2 Bd3 51.Kg2 Rb1 52.Kf2 Bb5 53.Kg2 Ra1 54.Nc2 Rd1 
55.Ne3 Rd8 56.Ng4 Rc8 57.Kf2 Kf7 58.Kg2 Ba4 59.Ne3 Bb3 60.Kf2 Rc5 61.Ng4 
Rb5 62.Ke2 Bc4+ 63.Kf2 Kg6 64.Ne3 Bb3 65.Ng4 Rb8 66.Ne3 Rd8 67.Ng4 Bc2 68.
Ne3 Bd3 69.Ng4 Bb5 70.Ne3 1/2-1/2

[Event "40th Pan-American U20"]
[Site "El Salvador ESA"]
[Date "2015.07.18"]
[Round "5.7"]
[White "Solano Cuya, Bryan"]
[Black "Johnson, Joshua"]
[Result "1-0"]
[WhiteElo "2149"]
[BlackElo "2211"]
[EventDate "2015.07.16"]
[PlyCount "194"]

1.d4 Nf6 2.c4 e5 3.dxe5 Ng4 4.Bf4 g5 5.Bg3 Bg7 6.Nf3 Nc6 7.Nc3 Ngxe5 8.
Nxe5 Nxe5 9.e3 d6 10.Be2 Bf5 11.Qa4+ Bd7 12.Qb3 Bc6 13.Nd5 Nd7 14.Rd1 Nc5 
15.Qc2 Qd7 16.h4 h6 17.hxg5 O-O-O 18.gxh6 Bxh6 19.Rd4 Bg5 20.Rh7 Ne6 21.
Rg4 Rdf8 22.f4 Bd8 23.Qf5 Kb8 24.Bf2 Rxh7 25.Qxh7 Bxd5 26.cxd5 Nc5 27.Rg8 
Re8 28.Qh8 Rxg8 29.Qxg8 Qe7 30.b3 a6 31.g4 c6 32.dxc6 bxc6 33.g5 Kb7 34.
Bh5 Ba5+ 35.Kf1 Qe4 36.Qxf7+ Kb6 37.Bg6 Qf3 38.Qc4 Qh3+ 39.Kg1 d5 40.Qf1 
Qe6 41.Bc2 Qg4+ 42.Qg2 Qe2 43.Bf5 Nd3 44.Bxd3 Qxd3 45.Qf3 Kb7 46.f5 d4 47.
Kg2 dxe3 48.Bxe3 Bd2 49.Bf4 Qd4 50.Kg3 Bxf4+ 51.Qxf4 Qg1+ 52.Kh4 Qh1+ 53.
Kg4 Qd1+ 54.Qf3 Qd4+ 55.Kh3 Qh8+ 56.Kg2 Qh4 57.g6 Qg5+ 58.Kh3 a5 59.a3 a4 
60.b4 Ka7 61.Qg4 Qh6+ 62.Qh4 Qe3+ 63.Qg3 Qe4 64.Qc7+ Ka6 65.Qc8+ Ka7 66.
Qe6 Qd3+ 67.Kg4 Qd1+ 68.Kg5 Qd8+ 69.Kf4 Qd4+ 70.Qe4 Qf6 71.Qe8 Qh4+ 72.Kf3
Qh3+ 73.Ke2 Qg2+ 74.Ke3 Qg3+ 75.Kd2 Qh2+ 76.Ke3 Qg3+ 77.Ke2 Qg2+ 78.Kd3 
Qf1+ 79.Qe2 Qxf5+ 80.Qe4 Qf1+ 81.Kd4 Qa1+ 82.Kc5 Qc3+ 83.Kd6 Qf6+ 84.Qe6 
Qd4+ 85.Ke7 Qg7+ 86.Qf7 Qe5+ 87.Kd8+ Kb8 88.g7 Qd6+ 89.Ke8 Qe5+ 90.Kf8 
Qd6+ 91.Kg8 Qd3 92.Kf8 Qd6+ 93.Qe7 Qh6 94.Ke8 Qh5+ 95.Qf7 Qe5+ 96.Kf8 Qd6+
97.Kg8 c5 1-0

[Event "40th Pan-American U20"]
[Site "El Salvador ESA"]
[Date "2015.07.18"]
[Round "5.8"]
[White "Jimenez Garcia, Emmanuel"]
[Black "Santiago Vilca, Christian"]
[Result "1-0"]
[WhiteElo "2210"]
[BlackElo "1922"]
[EventDate "2015.07.16"]
[PlyCount "115"]

1.d4 Nf6 2.c4 g6 3.Nc3 Bg7 4.e4 d6 5.f3 O-O 6.Nge2 Nc6 7.Be3 a6 8.Qd2 Rb8 
9.Rc1 Bd7 10.d5 Ne5 11.Nd4 c5 12.dxc6 Nxc6 13.Nb3 Ne5 14.Be2 b5 15.cxb5 
axb5 16.O-O Nc4 17.Bxc4 bxc4 18.Nd4 Qa5 19.Rc2 Ra8 20.b3 Rfc8 21.Rb1 cxb3 
22.axb3 Qb4 23.Nd1 Qxd2 24.Rxd2 Rab8 25.Bf2 Rb4 26.Nc2 Rb7 27.b4 Ba4 28.
Nde3 Rbc7 29.Ne1 Bb5 30.g4 Ra7 31.g5 Nh5 32.Nd5 Rb7 33.Nc2 e6 34.Nde3 Nf4 
35.Bg3 Be5 36.Ng4 Ne2+ 37.Kf2 Nxg3 38.hxg3 Bc3 39.Rxd6 Kf8 40.Nce3 Ke7 41.
Rdd1 Ra8 42.Kg2 Ra2+ 43.Nf2 Be2 44.Rh1 Bd4 45.Neg4 Ra3 46.Rxh7 Bxf3+ 47.
Kh3 Ra2 48.Nh6 Kf8 49.Nfg4 Bxe4 50.Rd1 e5 51.Nf6 Bf5+ 52.Nxf5 gxf5 53.g6 
fxg6 54.Rxb7 g5 55.Nh7+ Ke8 56.Nxg5 Ra3 57.Rc1 Kd8 58.Ne6+ 1-0

[Event "40th Pan-American U20"]
[Site "El Salvador ESA"]
[Date "2015.07.18"]
[Round "5.9"]
[White "Ampie, Mauro"]
[Black "Lopez Raygoza, Luis Albert"]
[Result "1-0"]
[WhiteElo "2193"]
[BlackElo "2138"]
[EventDate "2015.07.16"]
[PlyCount "73"]

1.e4 c5 2.Nc3 Nc6 3.f4 g6 4.Nf3 Bg7 5.Bb5 Nd4 6.O-O Nxb5 7.Nxb5 d5 8.e5 d4
9.c3 a6 10.Na3 Nh6 11.cxd4 cxd4 12.Qa4+ Bd7 13.Qxd4 O-O 14.b3 Nf5 15.Qf2 
Bc6 16.Bb2 Bxf3 17.Qxf3 Qxd2 18.Nc4 Qb4 19.g4 Qc5+ 20.Qf2 Qxf2+ 21.Kxf2 
Nh6 22.h3 f5 23.g5 Nf7 24.Ba3 b5 25.Nb6 Ra7 26.Rac1 Rb7 27.Nd5 Re8 28.e6 
Nd6 29.Bxd6 exd6 30.Rfe1 Bd4+ 31.Kf3 Kg7 32.Rc6 Ra7 33.Rxd6 Bc5 34.Rd7+ 
Rxd7 35.exd7 Rd8 36.Nc7 Kf7 37.Ne6 1-0

[Event "40th Pan-American U20"]
[Site "El Salvador ESA"]
[Date "2015.07.18"]
[Round "5.10"]
[White "Escalante Ramirez, Brian Sebas"]
[Black "Munoz, Randall"]
[Result "1-0"]
[WhiteElo "2389"]
[BlackElo "1706"]
[EventDate "2015.07.16"]
[PlyCount "55"]

1.e4 c5 2.Nf3 d6 3.d4 cxd4 4.Nxd4 Nf6 5.Nc3 a6 6.Be2 e5 7.Nf3 Be6 8.Ng5 
Qc8 9.Nxe6 fxe6 10.g4 b5 11.g5 b4 12.gxf6 bxc3 13.fxg7 Bxg7 14.Qxd6 h5 15.
Rg1 Ra7 16.Rb1 Kf7 17.Rxg7+ Kxg7 18.Qxe5+ Kg8 19.bxc3 Nc6 20.Qc5 Rc7 21.
Bf4 Rb7 22.Rb3 Rxb3 23.Qg5+ Kf8 24.Qf6+ Kg8 25.Qg6+ Kf8 26.Bd6+ Ne7 27.
Qf6+ Kg8 28.Qg5+ 1-0

[Event "40th Pan-American U20"]
[Site "El Salvador ESA"]
[Date "2015.07.18"]
[Round "5.11"]
[White "De Leon, Gabriel"]
[Black "Husbands, Orlando"]
[Result "0-1"]
[WhiteElo "1804"]
[BlackElo "2234"]
[EventDate "2015.07.16"]
[PlyCount "62"]

1.e4 c5 2.d4 cxd4 3.c3 dxc3 4.Nxc3 Nc6 5.Bc4 e6 6.Nf3 a6 7.Bb3 Nge7 8.O-O 
Ng6 9.Qe2 Be7 10.Be3 b5 11.Rfd1 O-O 12.Rac1 Na5 13.Bc2 Nc4 14.b3 Nxe3 15.
Qxe3 Bb7 16.Nd4 Bg5 17.Qg3 Bxc1 18.Rxc1 Rc8 19.h4 Qxh4 20.Qxh4 Nxh4 21.
Nce2 e5 22.Nf5 Nxf5 23.exf5 Rc7 24.Bd3 Rxc1+ 25.Nxc1 Rc8 26.Ne2 e4 27.Bb1 
d5 28.Kh2 Kf8 29.f3 exf3 30.gxf3 Re8 31.Bd3 Re3 0-1

[Event "40th Pan-American U20"]
[Site "El Salvador ESA"]
[Date "2015.07.18"]
[Round "5.12"]
[White "Santos, Oliver"]
[Black "Giron, Jorge Ernesto"]
[Result "0-1"]
[WhiteElo "1690"]
[BlackElo "2223"]
[EventDate "2015.07.16"]
[PlyCount "58"]

1.e4 c5 2.d4 cxd4 3.c3 d3 4.Bxd3 d6 5.Nf3 Nc6 6.Bf4 Qc7 7.Nbd2 Nf6 8.Rc1 
h6 9.h3 g5 10.Bh2 g4 11.hxg4 Nxg4 12.Bg3 Rg8 13.a4 a6 14.b4 Nge5 15.Nc4 
Bg4 16.b5 axb5 17.axb5 Nxc4 18.Bxc4 Na5 19.Be2 e5 20.Qa4 b6 21.Nd2 Bxe2 
22.Kxe2 Be7 23.Nb1 Bg5 24.Rc2 Ke7 25.c4 Nc6 26.Nc3 Nd4+ 27.Kd3 Rxa4 28.
Nd5+ Kd7 29.Nxc7 Nxc2 0-1

[Event "40th Pan-American U20"]
[Site "El Salvador ESA"]
[Date "2015.07.18"]
[Round "5.13"]
[White "Melara, Moises"]
[Black "Ulloa, Ruben Guillermo"]
[Result "1-0"]
[WhiteElo "1772"]
[BlackElo "2016"]
[EventDate "2015.07.16"]
[PlyCount "65"]

1.e4 c6 2.d4 d5 3.exd5 cxd5 4.c4 Nf6 5.Nc3 g6 6.Nf3 Bg7 7.c5 O-O 8.Bf4 Nc6
9.Bb5 Bd7 10.O-O Rc8 11.Re1 Bg4 12.Bxc6 Rxc6 13.h3 Bf5 14.Ne5 Rc8 15.g4 
Be6 16.Qd2 h5 17.Nxg6 fxg6 18.Rxe6 hxg4 19.hxg4 Qd7 20.Rae1 Ne4 21.R1xe4 
dxe4 22.Rxg6 Rf6 23.Rg5 Rcc6 24.d5 Ra6 25.d6 exd6 26.Nxe4 Rf7 27.Nxd6 Ra4 
28.Nxf7 Qxd2 29.Nh6+ Kh7 30.Bxd2 Kxh6 31.c6 Rd4 32.c7 Rxd2 33.Rh5+ 1-0

[Event "40th Pan-American U20"]
[Site "El Salvador ESA"]
[Date "2015.07.18"]
[Round "5.14"]
[White "Ortiz Perez, Carlos"]
[Black "Ruballo, Jose"]
[Result "1/2-1/2"]
[WhiteElo "1901"]
[BlackElo "1662"]
[EventDate "2015.07.16"]
[PlyCount "123"]

1.e4 c5 2.Nf3 Nc6 3.d4 cxd4 4.Nxd4 g6 5.Nc3 Bg7 6.Be3 Nf6 7.Be2 O-O 8.Qd2 
d6 9.f3 Bd7 10.O-O-O Rc8 11.g4 Ne5 12.h4 h5 13.g5 Ne8 14.f4 Nc4 15.Bxc4 
Rxc4 16.Qd3 Rc8 17.f5 Nc7 18.Rhf1 b5 19.fxg6 fxg6 20.Rxf8+ Qxf8 21.Ncxb5 
Nxb5 22.Nxb5 Be6 23.b3 a6 24.Nd4 Bf7 25.Rf1 Qd8 26.Kb1 Qa5 27.c4 Qb4 28.
Rc1 a5 29.Nc2 Qb7 30.Na3 a4 31.Rc2 axb3 32.axb3 Ra8 33.Ra2 Be5 34.Bd2 Qc6 
35.Nb5 Rxa2 36.Kxa2 Qc8 37.Na3 Qa6 38.Be3 Qa5 39.Bd4 Bf4 40.Bc3 Qa7 41.Qf3
e5 42.Qg2 Be8 43.Kb2 Bc6 44.Nc2 Qb7 45.Qh3 Kf7 46.b4 Bxe4 47.Kb3 Bf5 48.
Qf1 Qe4 49.Qd1 Ke6 50.Na3 Qd3 51.Qxd3 Bxd3 52.Be1 e4 53.b5 Bc1 54.Nc2 
Bxc2+ 55.Kxc2 Be3 56.Kc3 d5 57.Bg3 dxc4 58.Kxc4 Bb6 59.Be1 e3 60.Kd3 Kf5 
61.Ke2 Ke4 62.Bg3 1/2-1/2

[Event "40th Pan-American U20"]
[Site "El Salvador ESA"]
[Date "2015.07.18"]
[Round "5.15"]
[White "Mendez, Alan Steven"]
[Black "Colorado, Efrain"]
[Result "1/2-1/2"]
[WhiteElo "1744"]
[BlackElo "1841"]
[EventDate "2015.07.16"]
[PlyCount "64"]

1.e4 e5 2.Nf3 Nc6 3.Bb5 Nf6 4.d3 d6 5.c3 a6 6.Ba4 b5 7.Bc2 Be7 8.O-O O-O 
9.Nbd2 Nb8 10.Re1 Nbd7 11.d4 c5 12.Nf1 Qc7 13.dxe5 dxe5 14.Ne3 Re8 15.Nd5 
Nxd5 16.Qxd5 Bb7 17.Qd3 Rad8 18.Qe2 Nf6 19.Bg5 h6 20.Bh4 Nh7 21.Bg3 Bf6 
22.Rad1 Ng5 23.Nxg5 Bxg5 24.h4 Bf6 25.Qh5 Qe7 26.a4 Bc6 27.axb5 axb5 28.
Qg4 Bd7 29.Qh5 Bc6 30.Qg4 Bd7 31.Qh5 Bc6 32.Qg4 Bd7 1/2-1/2

[Event "40th Pan-American U20"]
[Site "El Salvador ESA"]
[Date "2015.07.18"]
[Round "5.18"]
[White "Valencia, Oscar"]
[Black "Hernandez, Diego"]
[Result "0-1"]
[WhiteElo "1728"]
[BlackElo "1950"]
[EventDate "2015.07.16"]
[PlyCount "68"]

1.d4 g6 2.c4 Bg7 3.Nc3 c5 4.d5 d6 5.e4 Bxc3+ 6.bxc3 f5 7.Bd3 fxe4 8.Bxe4 
Nf6 9.Bd3 Nbd7 10.Nf3 Qa5 11.Qc2 Nb6 12.O-O Bg4 13.Ng5 Qa4 14.Qb3 Bf5 15.
Bxf5 gxf5 16.Rb1 Rb8 17.Qxa4+ Nxa4 18.Ne6 Rg8 19.Nc7+ Kd7 20.Nb5 a6 21.Na3
Nxc3 22.Rb2 b5 23.Be3 bxc4 24.Rxb8 Rxb8 25.Nxc4 Nfxd5 26.Re1 Nxe3 27.Nxe3 
e6 28.h3 Rb1 29.Rxb1 Nxb1 30.g4 fxg4 31.hxg4 Nc3 32.a3 d5 33.f4 Ne2+ 34.
Kf2 Nxf4 0-1

[Event "40th Pan-American U20"]
[Site "El Salvador ESA"]
[Date "2015.07.18"]
[Round "5.19"]
[White "Rodriguez, Wilfredo"]
[Black "Pinto, Alejandro"]
[Result "1-0"]
[WhiteElo "1631"]
[BlackElo "1728"]
[EventDate "2015.07.16"]
[PlyCount "67"]

1.e4 c5 2.Nf3 d6 3.d4 cxd4 4.Nxd4 Nf6 5.Nc3 a6 6.Bg5 e6 7.f4 Be7 8.Qf3 
Nbd7 9.O-O-O h6 10.Bxf6 Bxf6 11.g4 Qc7 12.h4 b5 13.Ndxb5 axb5 14.Nxb5 
Bxb2+ 15.Kxb2 Rb8 16.Kc1 Qa5 17.Nxd6+ Ke7 18.Bc4 Ba6 19.Bxa6 Qxa6 20.Qd3 
Qxd3 21.Rxd3 Nf6 22.g5 hxg5 23.fxg5 Ng4 24.Rd2 Rbd8 25.Nc4 Ra8 26.a3 Ra4 
27.Rhd1 Rb8 28.Rd7+ Ke8 29.Rc7 Nf2 30.Rf1 Nxe4 31.Rcxf7 Rb5 32.Rf8+ Kd7 
33.R1f7+ Kc6 34.Rc8+ 1-0